LEADER 01243nam a2200289 4500 001 000000349605 003 CaOOAMICUS 005 20220314123624.0 008 220314s2017 it 000 u ita r 020 $a978-88-6929-265-1 040 $aSeMil$bita 100 1 $aBartkowski, Renee.$0(OLS)http://semarc/name/115546 240 10$aPrayers for married couples.$0(OLS)http://semarc/title/439206 245 10$aPreghiere per due :$bspiritualitą quotidiana a misura di coppia /$cRenee Bartkowski. 264 1$aCantalupa (TO) :$bEffatą,$c2017. 300 $a107 p. ;$c21 cm 490 1 $aIl respiro dell'anima 500 $aTrad. di Anna Maria Foli 650 4$aPreghiere.$0(OLS)http://semarc/subject/5862 830 3$aIl respiro dell'anima.$0(OLS)http://semarc/title/45014 850 $aSeMil 852 $aSeMil$W1$xVenegono$y1$m3K II 428$j232305$B240658$CSeMilBibl$Z2$F240658 $81 961 $aPontiggia don Virginio - Omaggio 996 $6020$a978-88-6929-265-1$9(OLS)http://semarc/number/295384 996 $6245$aPreghiere per due :$bspiritualitą quotidiana a misura di coppia$9(OLS)http://semarc/title/439207 996 $6264$aCantalupa (TO) :$bEffatą$9(OLS)http://semarc/publisher/32483 LEADER 00877nam a2200217 i 4500 001 000000204714 003 CaOOAMICUS 005 20110803000000.0 008 110803s1973 it u000 u ita u 013 $a183442 040 $aSeMil$bita 245 10$aSecondo Consiglio Presbiteriale :$btesti e documenti /$cDiocesi di Milano. 260 $aMilano :$b[s.n.],$c1973. 300 $a16 p. ;$c22 cm. 650 4$aConsiglio presbiterale.$0(OLS)http://semarc/subject/10809 710 0 $aArcidiocesi di Milano : Consiglio Presbiteriale <2.>.$0(OLS)http://semarc/name/73774 850 $aSeMil 852 $aSeMil$W1$xVenegono$y1$m5D X 23/1$j155208$B155208$CSeMilBibl$Z2$F166110 $81 961 $aOmaggio: Altro 996 $6245$aSecondo Consiglio Presbiteriale :$btesti e documenti$9(OLS)http://semarc/title/296553 996 $6260$aMilano :$b[s.n.]$9(OLS)http://semarc/publisher/29709